| 000 | 00803nam a2200205 i 4500 | ||
|---|---|---|---|
| 001 | 175381 | ||
| 003 | ES-MaACL | ||
| 005 | 20250809063537.0 | ||
| 008 | 101025s2000 it e |||| | spa d | ||
| 080 | _a271.3(612 Trípoli)"18" | ||
| 100 | 1 |
_aVilar, Juan Bautista, _d1941-2018 _9114797 |
|
| 245 | 1 | 3 |
_aLa misión franciscana de Trípoli de Berbería en el siglo XIX, en la correspondencia oficial de los cónsules de España / _cJuan B. Vilar. |
| 260 |
_a[Grottaferrata (Roma) : _bArchivum Franciscanum Historicum, _c2000] |
||
| 300 |
_aP. [469]-501 : _b1 plano ; _c21 x 30 cm. |
||
| 595 | _aSeparata de: Archivum Franciscanum Historicum, año 93 (2000) | ||
| 597 | _aEjemplar fotocopiado. | ||
| 610 | 2 | 4 |
_aFranciscanos. _94174 |
| 852 |
_aES-MaACL _j2281-F-22 |
||
| 999 |
_c175381 _d175381 |
||